00338nam a2200121Ia 4500008004100000082001100041245003100052250000600083260005700089300000800146630003100154730003100185090124s9999 xx 000 0 und d b304197 a आधी... नंतर a1 bराजाध्यक्ष विजयाc2001 a248 a आधी... नंतर a आधी... नंतर